[Event "Niedersachsen-ch op-B"]
[Site "Verden"]
[Date "2015.01.03"]
[Round "4"]
[White "Kahlsdorf, Hendrik"]
[Black "Schoppe, Oskar"]
[Result "1-0"]
[WhiteElo "1051"]
[BlackElo "930"]
[PlyCount "31"]
[EventDate "2015.01.02"]
[EventType "swiss"]
[EventRounds "7"]
[EventCountry "GER"]
[SourceTitle "EXT 2018"]
[Source "ChessBase"]
[SourceDate "2017.10.13"]
[SourceVersion "1"]
[SourceVersionDate "2017.10.13"]
[SourceQuality "1"]

1. e4 e5 2. Nf3 Nc6 3. d4 d6 4. dxe5 Nxe5 5. Nxe5 dxe5 6. Qxd8+ Kxd8 7. Nc3 Nf6 8. Bg5 Be7 9. 0-0-0+ Bd7 10. Bc4 Ke8 11. Bxf6 Bxf6 12. Bxf7+ Kxf7 13. Rxd7+ Ke8 14. Rxc7 b6 15. Nd5 Bd8 16. Rxg7 1-0